| 000 | 00873nam a2200217Ia 4500 | ||
|---|---|---|---|
| 001 | 4949 | ||
| 003 | GE_BSU | ||
| 008 | 181216s||||||||xx |||||||||||||| ||und|| | ||
| 040 | _cGE_BSU | ||
| 080 | _a621.01.001 | ||
| 100 | _aГокун,В.Б. | ||
| 245 | _aТехнологические основы конструирования машин:сущность,направление и методы осуществления. | ||
| 245 | _cРед.Ю.В.Бейер. | ||
| 250 | _a3-е изд. перераб. и дополн. | ||
| 260 | _aМ. | ||
| 260 | _bМашгиз. | ||
| 260 | _c1963. | ||
| 300 | _a736стр. с илл. 27см. библиогр.:стр.733-735. | ||
| 653 | _aТехнологические основы конструирования машин:Сущность,направление и методы осуществления | ||
| 942 | _cBK | ||
| 999 |
_c38691 _d38691 |
||